WHAT COLOR IS YOUR PARACHUTE? (Record no. 59368)

000 -LEADER
fixed length control field 00451nam a22001817a 4500
003 - CONTROL NUMBER IDENTIFIER
control field MPLRDC
005 - DATE AND TIME OF LATEST TRANSACTION
control field 20220104173333.0
008 - FIXED-LENGTH DATA ELEMENTS--GENERAL INFORMATION
fixed length control field 210129b ||||| |||| 00| 0 eng d
020 ## - INTERNATIONAL STANDARD BOOK NUMBER
International Standard Book Number 978-1-60774-362-0
082 ## - DEWEY DECIMAL CLASSIFICATION NUMBER
Classification number 542.7 BOL
100 ## - MAIN ENTRY--PERSONAL NAME
Personal name RICHARD N. BOLLES
245 ## - TITLE STATEMENT
Title WHAT COLOR IS YOUR PARACHUTE?
Statement of responsibility, etc.
250 ## - EDITION STATEMENT
Edition statement REVISED ED.
260 ## - PUBLICATION, DISTRIBUTION, ETC.
Place of publication, distribution, etc. U.S.A.
Name of publisher, distributor, etc. TEN SPEED PRESS
Date of publication, distribution, etc. 2013
300 ## - PHYSICAL DESCRIPTION
Other physical details 355
650 ## - SUBJECT ADDED ENTRY--TOPICAL TERM
Topical term or geographic name entry element OCCUPATION
942 ## - ADDED ENTRY ELEMENTS (KOHA)
Koha item type Book
-- 542.7 BOL
Holdings
Withdrawn status Lost status Source of classification or shelving scheme Damaged status Not for loan Collection code Home library Current library Shelving location Date acquired Cost, normal purchase price Total Checkouts Full call number Barcode Date last seen Date last checked out Price effective from Koha item type Public note
            Malaysian Public Library, Research and Development Centre Malaysian Public Library, Research and Development Centre   10/12/2007 64.90   542.7 BOL E0004035 18/03/2021 04/02/2015 18/03/2021 Book mplrdc

© 2022. Malaysian Public Library, Research and Development Centre. All Right ReservedE-mailmplrdc@help.edu.my 

Powered by Koha